000 00721cab a2200229 4500
001 WB3427-11
008 090401t1998 xxu||||| |||| 00| 0 eng d
035 _a(Sirsi) u87484
041 _aeng
245 _aCrown Estate fortunes
260 _c1998
350 _a0
490 _aGuardian
_v15 July 1998, 24(2)
520 _aThe Crown Estate which made £113.2m profit in the year ending March 1998 plans to redevelop Regent Street into an upmarket shopping boulevard. Brief outline of property assets.
650 _aCROWN ESTATE
650 _aPEDESTRIANISATION
650 _aREGENT STREET
650 _aRESULTS
690 _aPROPERTY-COMMERCIAL PROPERTY-RETAIL PROPERTY
942 _n0
948 _c17/07/1998
999 _c55182
_d55182